000 00774nam a2200217 i 4500
001 90127
003 ES-MaACL
005 20250806060940.0
007 t|
008 050118s1925 sp ||||1| spa d
100 1 _aLefert, Paul.
_971234
245 1 0 _aMemorandum de medicina Legal /
_cpor Pablo Lefert ; corregida y aumentada por Manuel P. de Petinto y Bertomeu.
260 _aMadrid :
_bBailly-Baillière,
_c1925 (
_fBlass)
300 _a327 p. ;
_c16 cm.
490 1 _aNovísimo manual del estudiante de medicina
650 0 7 _aMedicina legal
_2embne
_914928
700 1 _aPérez de Petinto y Bertomeu, Manuel.
_990803
830 0 _aNovísimo manual del estudiante de medicina
_9231928
852 _aES-MaACL
_jC-19523
_bR.46314
999 _c90127
_d90127